000 00640nam a22000977a 4500
008 180416b xxu||||| |||| 00| 0 eng d
100 _aStanley Gibbons, Inc.
245 _aThe postage stamps of the United States produced by the Bureau of Engraving and Printing during the years 1894 to 1900
_ba complete reference list of all varieties / The postage stamps of the United States. Volume III. 1894 to 1900
260 _aNew York
_bStanley Gibbons, Inc.
_c1948
650 _aUnited States | 1894-1900 | 19th Century | Catalogs and Price Lists | Errors and Varieties | Production | Definitive Issues | Commemorative Issues | -- 1898 | Dealer Publications
999 _c2718
_d2718